A TEXT BOOK OF PHARMACEUTICAL VALIDATION (Record no. 31331)

MARC details
000 -LEADER
fixed length control field 00394nam a22001577a 4500
003 - CONTROL NUMBER IDENTIFIER
control field SGT
020 ## - INTERNATIONAL STANDARD BOOK NUMBER
International Standard Book Number 9781543344844
082 ## - DEWEY DECIMAL CLASSIFICATION NUMBER
Classification number 615.1
Item number P21P
100 ## - MAIN ENTRY--PERSONAL NAME
Personal name PATIL, SHEETAL VIKASH
245 ## - TITLE STATEMENT
Title A TEXT BOOK OF PHARMACEUTICAL VALIDATION
260 ## - PUBLICATION, DISTRIBUTION, ETC. (IMPRINT)
Place of publication, distribution, etc PUNJAB
Name of publisher, distributor, etc S.VIKASH AND COMPANY
Year of Publication 2021
300 ## - PAGE DESCRIPTION
No. of Pages 141
650 ## - SUBJECT ADDED ENTRY--TOPICAL TERM
Topical term or geographic name as entry element PHARMACY
653 ## - KEYWORDS--INDEX TERM
Keyword term PHARMACEUTICS, VALIDATION
942 ## - ADDED ENTRY ELEMENTS (KOHA)
Source of classification or shelving scheme Dewey Decimal Classification
Koha item type Gifted Books
Holdings
Withdrawn status Lost status Source of classification or shelving scheme Damaged status Use restrictions Not for loan Collection code Home library Current library Shelving location Date acquired Vendor Name Cost, normal purchase price SGTU Total Checkouts Full call number Accession No. (Barcode) Date last seen Bill Date Koha item type
    Dewey Decimal Classification   Restricted Access   PHARMACY SGT FA-FP Library SGT FA-FP Library Text Book 12/06/2025 Dr.V. Bhalla 275.00 SGTU   615.1 P21P FP5275G 12/06/2025 12/06/2025 Gifted Books